Marx : (Record no. 1678276)

MARC details
000 -LEADER
fixed length control field 00439 a2200169 4500
005 - DATE AND TIME OF LATEST TRANSACTION
control field 20260309154328.0
008 - FIXED-LENGTH DATA ELEMENTS--GENERAL INFORMATION
fixed length control field 260309b |||||||| |||| 00| 0 eng d
020 ## - INTERNATIONAL STANDARD BOOK NUMBER
International Standard Book Number 9781788730587
040 ## - CATALOGING SOURCE
Transcribing agency SDCL
041 ## - LANGUAGE CODE
Source of code eng
Language code of text/sound track or separate title eng
084 ## - COLON CLASSIFICATION NUMBER
Classification number W691y7M18 R0
100 ## - MAIN ENTRY--PERSONAL NAME
Personal name Karatani, Kojin
245 ## - TITLE STATEMENT
Title Marx :
Remainder of title Towards the Centre of Possibility
260 ## - PUBLICATION, DISTRIBUTION, ETC.
Place of publication, distribution, etc. London :
Name of publisher, distributor, etc. Verso,
Date of publication, distribution, etc. 2020.
300 ## - PHYSICAL DESCRIPTION
Extent xxxix, 118p.
942 ## - ADDED ENTRY ELEMENTS (KOHA)
Koha item type Textual
Source of classification or shelving scheme Colon Classification (CC)
100 ## - MAIN ENTRY--PERSONAL NAME
-- 978401
999 ## -
-- 1678276
-- 1678276
Holdings
Withdrawn status Lost status Source of classification or shelving scheme Damaged status Not for loan Home library Current library Date acquired Source of acquisition Cost, normal purchase price Inventory number Total checkouts Full call number Barcode Date last seen Cost, replacement price Price effective from Koha item type
    Colon Classification (CC)     South Campus Library South Campus Library 2025-12-19 37 1688.11 122322 & 19/12/2025   W691y7M18 R0 SC1691710 2025-12-19 2411.59 2025-12-19 Textual
Copyright @ Delhi University Library System